Diagnóstico del sistema de manejo de la ropa del Hospital Dr. Rafael Angel Calderón Guardia y propuestas para su mejoramiento

שמור ב:
מידע ביבליוגרפי
מחבר ראשי: Morera Pacheco, Juan Miguel
מחברים אחרים: Morera Solórzano, Luis Alberto
פורמט: ספר
יצא לאור: San José, Costa Rica 1990
נושאים:
תגים: הוספת תג
אין תגיות, היה/י הראשונ/ה לתייג את הרשומה!

MARC

LEADER 00000nam a2200000Ia 4500
003 007326
005 20221231144307.0
008 140114s1990 cr a m 000 ||s d
040 |c cru CEDI 
090 |a TFG 3057 
100 |a Morera Pacheco, Juan Miguel  |9 11560 
245 |a Diagnóstico del sistema de manejo de la ropa del Hospital Dr. Rafael Angel Calderón Guardia y propuestas para su mejoramiento  
260 |c 1990  |a San José, Costa Rica 
300 |a  xxxi, 278, [98] hojas : ilustraciones ; 28 cm  
500 |a  Proyecto de graduacion (licenciatura en ingeniería industrial)--Universidad de Costa Rica. Facultad de Ingeniería. Escuela de Ingeniería Industrial 
650 |x HOSPITAL DR. RAFAEL ANGEL CALDERON GUARDIA (COSTA RICA).. ROPERIA  |9 11562 
700 |9 11561  |a Morera Solórzano, Luis Alberto 
942 |c TFG 
999 |c 19708  |d 19708